Útlum = Phase-out /

Hlavní autor: Zubek, Pavel
Korporativní autor: Pygmalion (firma)
Další autoři: Kukutsch, Radovan, 1980-
Jazyk: Čeština
Angličtina
Vydáno: [Třinec] : [Pavel Zubek], 2025
Vydání: Vydání první
Témata:
Fyzický popis: 261 stran : ilustrace (převážně barevné), mapy ; 24 x 31 cm
Language note: Souběžný anglický text
Knihy
Uloženo v:
LEADER 02223nam a2200613 i 4500
001 nkc20253695765
003 CZ PrNK
005 20260123134102.0
007 ta
008 250711s2025 xr ab e 000 0 cze
015 |a cnb003695765 
020 |a 978-80-11-07090-8  |q (vázáno) 
035 |a (OCoLC)1572323582 
040 |a OLA001  |b cze  |d ABA001  |e rda 
041 1 |a cze  |a eng  |h cze 
043 |a e-xr---  |b e-xr-mo  |2 czenas 
072 7 |a 622  |x Hornictví  |2 Konspekt  |9 19 
080 |a 622.012.2  |2 MRF 
080 |a 725.1:338.45  |2 MRF 
080 |a 622.2-1/-9  |2 MRF 
080 |a (437.32-17)  |2 MRF 
080 |a (048.8)  |2 MRF 
080 |a (084.12)  |2 MRF 
100 1 |a Zubek, Pavel  |7 jx20111020023  |4 aut  |4 pbl  |4 pht 
245 1 0 |a Útlum =  |b Phase-out /  |c Pavel Zubek ; překlad: Pygmalion s.r.o., Radovan Kukutsch 
246 3 1 |a Phase-out 
250 |a Vydání první 
264 1 |a [Třinec] :  |b [Pavel Zubek],  |c 2025 
264 3 |a Český Těšín :  |b Tiskárna Finidr s.r.o. 
300 |a 261 stran :  |b ilustrace (převážně barevné), mapy ;  |c 24 x 31 cm 
336 |a text  |b txt  |2 rdacontent 
336 |a statický obraz  |b sti  |2 rdacontent 
337 |a bez média  |b n  |2 rdamedia 
338 |a svazek  |b nc  |2 rdacarrier 
546 |a Souběžný anglický text 
650 0 7 |a doly  |7 ph114339  |z Česko  |2 czenas 
650 0 7 |a průmyslová architektura  |7 ph945464  |z Česko  |2 czenas 
650 0 7 |a důlní zařízení  |7 ph328411  |z Česko  |2 czenas 
650 0 9 |a mines  |z Czechia  |2 eczenas 
650 0 9 |a industrial architecture  |z Czechia  |2 eczenas 
650 0 9 |a mining equipment  |z Czechia  |2 eczenas 
651 7 |a Ostravsko-karvinský revír (Česko)  |7 ge380464  |2 czenas 
651 9 |a Ostrava-Karviná coal district (Czechia)  |2 eczenas 
655 7 |a přehledy  |7 fd133202  |2 czenas 
655 7 |a fotografické publikace  |7 fd132276  |2 czenas 
655 9 |a surveys  |2 eczenas 
655 9 |a photographical works  |2 eczenas 
700 1 |a Kukutsch, Radovan,  |d 1980-  |7 jx20130306002  |4 aut  |4 trl 
710 2 |a Pygmalion (firma)  |7 mzk2015891391  |4 trl 
910 2 |a BOA001  |b 4-1555.434 
990 |a BK 
995 |a 01 
991 |b 202601  |c NOV 
996 6 |b 2611022742  |c 4-1555.434  |l MZK  |r Sklad / do 1 hodiny  |n 0  |p p.v.  |w 002030078  |u 000010  |a 1  |e BOA001  |j MZK50  |s P